01348nam a2200349 i 450000500170000000700030001700800410002002000180006104000350007904100080011408400110012210000520013324501210018525000430030626400390034930000390038833600270042733700330045433800280048749000340051552100620054954500760061165000510068765000510073865000400078965000280082965000330085765000270089070000510091794200150096899900150098320220317002101.0ta201210m20132019ck a br 000 jdspa d a9789587057867 aCO-BoRNBPbspaerdacCO-BoRNBP0 aspa aC MON61 aMontaña Ibáñez, Francisco Antonioeautora10aHistoria de amor verdadero entre una rana y un cucarróncFrancisco Montaña ; ilustraciones de Amalia Satizábal aPrimera ediciónbSexta reimpresión 1aBogotábEdiciones SMc2013c2019 a99 páginascilustracionesc19 cm 2rdacontentatextobtxt 2rdamediaasin mediaciónbn 2rdacarrieravolumenbnc0 aEl Barco de vaporpSerie Azul aRecomendado para un público infantil mayor de 6 años  aIncluye datos biográficos del autora e ilustradora al final del texto17aCuentos infantiles colombianosySiglo XX2LEMB17aLiteratura infantil colombianaySiglo XX2LEMB17aAutores colombianosySiglo XX2LEMB17aAnimalesvCuentos2LEMB17aCooperaciónvCuentos2LEMB17aAmistadvCuentos2LEMB1 aSatizábal Posada, Amaliaeilustrador9169861 2loccBKLIT c9131d9131